Statistics for Country Profiles: North America

Click here to take the quiz!

General Stats

  • This quiz has been taken 44 times
    (24 since last reset)
  • The average score is 19 of 32

Answer Stats

CountryHintAnswer% Correct
United StatesBiggest cityNew York City
100%
United StatesCapitalWashington, D.C.
100%
CanadaCurrencyCanadian dollar
77%
United StatesPresidentDonald Trump
77%
CanadaOfficial languageEnglish
77%
United StatesMain languageEnglish
77%
MexicoBiggest subdivisionMéxico
77%
MexicoCapitalMexico City
77%
CanadaCapitalOttawa
77%
United StatesCurrencyUnited States dollar
77%
CubaCurrencyCuban convertible peso
69%
Dominican RepublicCurrencyDominican peso
69%
CanadaOfficial languageFrench
69%
GuatemalaBiggest SubdivisionGuatemala
69%
GuatemalaCapitalGuatemala City
69%
CubaCapitalHavana
69%
CubaCurrencyPeso
69%
MexicoCurrencyPeso
69%
MexicoMain languageSpanish
69%
CanadaBiggest cityToronto
69%
CanadaQueenElizabeth II
62%
CanadaBiggest subdivisionOntario
62%
Dominican RepublicCapitalSanto Domingo
62%
CanadaPrime MinisterJustin Trudeau
54%
CubaFirst Secretary of the Central Committee of the Communist PartyRaúl Castro
54%
United StatesBiggest subdivisionCalifornia
31%
MexicoPresidentAndrés Manuel López Obrador
23%
GuatemalaCurrencyGuatemalan quetzal
15%
CubaPresidentMiguel Díaz-Canel
8%
GuatemalaPresidentAlejandro Giammattei
0%
Dominican RepublicPresidentDanilo Medina
0%
CubaPrime MinisterManuel Marrero Cruz
0%

Score Distribution

Percentile by Number Answered

Percent of People with Each Score

Your Score History

You have not taken this quiz since the last reset